Report on the activities of the organisation in 1948 (Record no. 1438796)

MARC details
000 -LEADER
fixed length control field 00499nam a2200169Ia 4500
005 - DATE AND TIME OF LATEST TRANSACTION
control field 20250923144429.0
008 - FIXED-LENGTH DATA ELEMENTS--GENERAL INFORMATION
fixed length control field 008 250917s9999 xx 000 0 eng d
037 ## - SOURCE OF ACQUISITION
Stock number Textual
040 ## - CATALOGING SOURCE
Original cataloging agency DSWL
Language of cataloging eng
Transcribing agency DSWL
041 ## - LANGUAGE CODE
Language code of text/sound track or separate title eng
Source of code eng
084 ## - COLON CLASSIFICATION NUMBER
Classification number V1N4.:3.1sN4.8, N48
Assigning agency DSWL
245 #0 - TITLE STATEMENT
Title Report on the activities of the organisation in 1948
Statement of responsibility, etc. byDirector General UNESCO
260 ## - PUBLICATION, DISTRIBUTION, ETC.
Date of publication, distribution, etc. 1948
300 ## - PHYSICAL DESCRIPTION
Extent 119 p.
942 ## - ADDED ENTRY ELEMENTS (KOHA)
Koha item type Textual
Classification part V1N4.:3.1sN4.8, N48
Holdings
Withdrawn status Lost status Damaged status Not for loan Home library Current library Date acquired Total Checkouts Full call number Barcode Date last seen Price effective from Koha item type
        Department of Social Work Library Department of Social Work Library 2025-09-23   V1N4.:3.1sN4.8, N48 SW0002782 2025-09-23 2025-09-23 Textual
Copyright @ Delhi University Library System